The Cambridge Encyclopedia of the Middle East and North Africa

Αποθηκεύτηκε σε:
Λεπτομέρειες βιβλιογραφικής εγγραφής
Άλλοι συγγραφείς: Mostyn, Trevor (Επιμελητής έκδοσης), Hourani, Albert, 1915-1993 (Επιμελητής έκδοσης)
Μορφή: Βιβλίο
Γλώσσα:English
Δημοσίευση: New York : C.U.P., 1988
Θέματα:
Ετικέτες: Προσθήκη ετικέτας
Δεν υπάρχουν, Καταχωρήστε ετικέτα πρώτοι!

MARC

LEADER 00000cam a2200000 i 4500
001 1/96366
008 980211s1988 eng d
020 |a 0-521-32190-5 
035 |l 10010155 
040 |a GR-MY-UA  |b gre  |e aacr 
041 0 |a eng 
082 0 |a Π 956 
245 1 4 |a The Cambridge Encyclopedia of the Middle East and North Africa /  |c Executive editor Trevor Mostyn ; Advisory editor Albert Hourani 
260 |a New York :   |b C.U.P.,   |c 1988 
300 |a 504 p.  |b ill. 
504 |a includes index 
651 0 |a Middle East. 
700 1 |a Mostyn, Trevor.  |4 edt 
700 1 |4 edt  |a Hourani, Albert,   |d 1915-1993. 
852 |a INST  |b LESVOS  |e 19980211  |h 956 CAM  |p 005100003129  |q 005100003129  |t REF  |y 12 
909 |a Λ  |b 037208 
950 |a 169-1994-09-06